000 00748pam a2200241 a 4500
005 20260322212036.0
008 data
010 _a 90048708
020 _a0674395654 :
_c{dollar}24.95
020 _a9780674395657 :
_c{dollar}24.95
040 _aDLC
_cDLC
_dDLC
043 _ama-----
050 0 0 _aDS37.7
_b.H67 1991
082 0 0 _a909/.0974927
_220
092 _a909.097 H67 1991
100 1 _aHourani, Albert Habib.
245 1 2 _aA history of the Arab peoples /
_cAlbert Habib Hourani.
260 _aCambridge, Mass. :
_bBelknap Press of Harvard University Press,
_c1991.
300 _axx, 551 p. :
_bill. ;
_c25 cm.
504 _aIncludes bibliographical references (p. 500-529) and indexes.
651 0 _aArab countries
_xHistory.
001 data
999 _c829
_d829